Evaluación de parámetros genéticos en poblaciones de Quercus humboldtii bonpl. por medio de marcadores microsatélitales (Registro nro. 4773)

Detalles MARC
000 -CABECERA
Campo de control 00805nam a2200229 a 4500
005 - FECHA Y HORA DE LA ULTIMA TRANSACCION
Campo de control 20180822143928.0
008 - ELEMENTOS DE LONGITUD FIJA—INFORMACION GENERAL
Campo de control 140124b2005 ck ||||| |||| 00| 0 spa d
040 ## - FUENTE DE CATALOGACIÓN
Agencia transcriptora CO-BoIH
Agencia catalogadora original CO-BoIAVH
041 ## - IDIOMA
Código de idioma para texto/pista de sonido o título separado Español
044 ## - PAÍS DE PUBLICACIÓN
País de publicación Colombia
090 ## - CLASIFICACIÓN LOCAL
Colección IAVH
Consecutivo 00406
100 1# - ASIENTO PRINCIPAL--NOMBRE PERSONAL
Nombre personal Montoya Noreña, Juan Manuel
9 (RLIN) 4960
245 10 - MENCION DE TITULO
Título Evaluación de parámetros genéticos en poblaciones de Quercus humboldtii bonpl. por medio de marcadores microsatélitales
260 ## - PUBLICACION, DISTRIBUCION, ETC. (PIE DE IMPRENTA)
Lugar de publicación, distribución, etc. Palmira:
Nombre del editor, distribuidor, etc. Instituto de Investigación de Recursos Biológicos Alexander von Humboldt,
Fecha de publicación, distribución, etc. 2005.
300 ## - DESCRIPCION FISICA
Extensión 30 páginas
700 1# - ASIENTO SECUNDARIO - NOMBRE PERSONAL
Nombre personal Palacio Mejia, Juan Diego
9 (RLIN) 4961
700 ## - ASIENTO SECUNDARIO - NOMBRE PERSONAL
Nombre personal Barrios Leal, Dora Yovana
9 (RLIN) 5083
700 1# - ASIENTO SECUNDARIO - NOMBRE PERSONAL
Nombre personal Bock, Brian C.
9 (RLIN) 454
700 1# - ASIENTO SECUNDARIO - NOMBRE PERSONAL
Nombre personal Toro Murillo, Juan Lázaro
9 (RLIN) 1557
942 ## - ELEMENTOS ADICIONALES (KOHA)
Tipo de ítem Informe Técnico
Sistema de clasificación Local
Koha issues (borrowed), all copies 1
945 ## - PROCESAMIENTO LOCAL
AAAA-MM-DD - Fecha de ingreso o modificacion 2005-11-09
Existencias
Withdrawn status Lost status Sistema de Clasificación Damaged status No para préstamo Colección Inventariado Ubicación Permanente Ubicación actual Fecha de adquisición Fuente de Valor Total Checkouts Número topográfico Inventario / Código de Barras Date last seen Date checked out Ejemplar Price effective from Forma de adquisición Tipo de material
    Local     Humboldt Inventariado 2017 Bogotá Bogotá 19/10/2006 CID Humboldt 1 IAVH-00406 023453 09/08/2024 08/02/2016 Ej. 1 04/12/2012 Institucional Informe Técnico